000
00288nam a22001217a 4500
008
170321b xxu||||| |||| 00| 0 eng d
041
_a
eng
080
_a
616.12 -008-073
100
_a
7
101
_a
SHM
245
_a
EFFECTS OF THE USE HEART FAILURE DIARY
_c
WALKER.C
942
_2
udc
_c
BK
999
_c
8192
_d
8192